000 00712nam a2200241Ia 4500
003 OSt
005 20220925212754.0
006 a|||||r|||| 00| 0
007 ta
008 220923b |||||||| |||| 00| 0 eng d
037 _cGeneral Book
040 _aRTL
_cRTL
_beng
041 _2eng
_aeng
082 _aW87.5925.N48<--N45, L9
100 _aHloomfield John
_9277251
245 0 _aPassive Revolution
_b Politics and the Cze-Choslovak
260 _aLondon
_bAllisor and Busby
_c1979
300 _a290p
_ccm.
500 _aBibliography: P 275-84
650 _aRevolution
_9230303
942 _hW87.5925.N48<--N45, L9
_cGB
_2CC
999 _c561124
_d561124